Manual de derechos reales : Código Civil y Comercial de la Nación. Ley 26994 /

Guardado en:
Autor Principal: Kiper, Claudio M.
Formato: Libro
Idioma:Spanish
Publicado: Santa Fe : Rubinzal Culzoni, 2016.
Edición:1a. ed.
Materias:
Etiquetas: Agregar Etiqueta
Sin Etiquetas, Sea el primero en etiquetar este registro!
LEADER 00568nam a22001695a 4500
001 DER.der013337
008 180615s2016####ag#||||||||||||||#||spa||
005 20260511173039.0
245 1 0 |a Manual de derechos reales :  |b Código Civil y Comercial de la Nación.  |n Ley 26994 /  |c Claudio M. Kiper. 
250 |a 1a. ed. 
260 |a Santa Fe :  |b Rubinzal Culzoni,  |c 2016. 
300 |a 920 p. 
020 |a 9789873007040 
100 1 |a Kiper, Claudio M. 
650 7 |a DERECHOS REALES 
859 |a DERECHO  |b BIB. DERECHO  |h 346.2  |i KIP  |p 008271  
859 |a DERECHO  |b BIB. DERECHO  |h 346.2  |i KIP  |p 008561  |t 1